Fisiología Humana de Houssay / (Registro nro. 614)
[ vista simple ]
| 000 -LEADER | |
|---|---|
| fixed length control field | 01112 am a2200373 a 4500 |
| 005 - FECHA ULTIMA MODIFICACION | |
| control field | 20240802093823.0 |
| 008 - CAMPO DE CONTROL (LIBRO) | |
| fixed length control field | 100812s2002||||ag a f |||| 001 0 spa d |
| 020 ## - INTERNATIONAL STANDARD BOOK NUMBER | |
| ISBN | 9500203766 |
| 041 ## - CODIGO DE IDIOMA | |
| Código de idioma del texto/pista de sonido o título separado | spa |
| 092 ## - SIGNATURA TOPOGRAFICA DEWEY LOCAL | |
| número de clasificación | 612 |
| libristica | 12 |
| sección | CIN |
| 100 1# - ENTRADA PRINCIPAL--NOMBRE PERSONAL | |
| Nombre personal | Cingolani, Horacio E. |
| 9 (RLIN) | 666 |
| 245 ## - TITULO PROPIAMENTE DICHO | |
| Título | Fisiología Humana de Houssay / |
| Mención de responsabilidad y remanente de la transcripción de la portada | Horacio E. Cingolani |
| 250 ## - MENCION DE EDICION | |
| Mención de edición | 7a ed. 2a reimp. Renovada, actualizada y ampliada |
| 260 ## - PIE DE IMPRENTA | |
| Lugar de publicación, distribución, etc | Buenos Aires: |
| Nombre de la editorial, distribuidor, etc | El Ateneo; |
| Fecha de publicación | 2002. |
| 300 ## - DESCRIPCION FISICA | |
| Extension | 1126 p. |
| Otros detalles físicos | il. |
| 500 ## - NOTA GENERAL | |
| Nota general | Cingolani, H. E. y Houssay, A. B. (2002). Fisiología Humana de Houssay. (7a ed.). Buenos Aires : El Ateneo. |
| 653 ## - TÉRMINO INDIZADO - PALABRAS CLAVES | |
| Palabra clave | Fisiología general |
| 653 ## - TÉRMINO INDIZADO - PALABRAS CLAVES | |
| Palabra clave | Sangre e inmunidad |
| 653 ## - TÉRMINO INDIZADO - PALABRAS CLAVES | |
| Palabra clave | Sistema digestivo |
| 653 ## - TÉRMINO INDIZADO - PALABRAS CLAVES | |
| Palabra clave | Sistema circulatorio |
| 653 ## - TÉRMINO INDIZADO - PALABRAS CLAVES | |
| Palabra clave | Sistema respiratorio |
| 653 ## - TÉRMINO INDIZADO - PALABRAS CLAVES | |
| Palabra clave | Riñón y electrólitos |
| 653 ## - TÉRMINO INDIZADO - PALABRAS CLAVES | |
| Palabra clave | Metabolismo y endocrinología |
| 653 ## - TÉRMINO INDIZADO - PALABRAS CLAVES | |
| Palabra clave | Reproducción |
| 653 ## - TÉRMINO INDIZADO - PALABRAS CLAVES | |
| Palabra clave | Neurofisiología |
| 700 1# - ENTRADAS SECUNDARIAS - NOMBRE PERSONAL | |
| Nombre personal | Houssay, Alberto B. |
| 9 (RLIN) | 667 |
| 930 ## - NUMERO DE INVENTARIO | |
| Número de inventario | 1021 |
| 930 ## - NUMERO DE INVENTARIO | |
| Número de inventario | 1020 |
| 930 ## - NUMERO DE INVENTARIO | |
| Número de inventario | 1019 |
| 930 ## - NUMERO DE INVENTARIO | |
| Número de inventario | 785 |
| 930 ## - NUMERO DE INVENTARIO | |
| Número de inventario | 784 |
| 930 ## - NUMERO DE INVENTARIO | |
| Número de inventario | 2179 |
| 942 ## - ADDED ENTRY ELEMENTS (KOHA) | |
| Source of classification or shelving scheme | Dewey Decimal Classification |
| Item type | Libros |
| Koha issues (borrowed), all copies | 5 |
| Estado de retiro | Existencia | Fuente de clasificación | Estado general | No para prestamo | Ubicación permanente | ubicación actual | Sala de ubicación | Fecha de adquisición | Total Checkouts | Total Renewals | Número de clasificación | Código de barras | Date last seen | Date last borrowed | Número de ejemplar | Price effective from | Koha tipo de elemento (item) | Public note | Coded location qualifier | Colección | Checked out | Fuente de adquisición | Costo, precio normal de compra |
|---|---|---|---|---|---|---|---|---|---|---|---|---|---|---|---|---|---|---|---|---|---|---|---|
| Dewey Decimal Classification | Biblioteca Medicina | Biblioteca Medicina | Circulación | 13/05/2011 | 189 | 17 | 612 12 CIN | 1021 | 15/11/2024 | 16/10/2024 | ej.5 | 13/05/2011 | Libros | Sede Tordos. | |||||||||
| Dewey Decimal Classification | Biblioteca Medicina | Biblioteca Medicina | Circulación | 13/05/2011 | 160 | 12 | 612 12 CIN | 1020 | 13/05/2026 | 14/04/2026 | ej.4 | 13/05/2011 | Libros | Sede Tordos. | |||||||||
| Dewey Decimal Classification | Biblioteca Medicina | Biblioteca Medicina | Circulación | 13/05/2011 | 170 | 10 | 612 12 CIN | 1019 | 08/08/2025 | 26/06/2025 | ej.3 | 13/05/2011 | Libros | ||||||||||
| Dewey Decimal Classification | Biblioteca Medicina | Biblioteca Medicina | Referencia | 13/05/2011 | 1 | 11 | 612 12 CIN | 785 | 06/11/2014 | 16/09/2011 | ej.2 | 13/05/2011 | Reference | LIBRO DE CATEDRA | Reference | 01/03/2029 | |||||||
| Dewey Decimal Classification | Biblioteca Medicina | Biblioteca Medicina | Referencia | 13/05/2011 | 41 | 1 | 612 12 CIN | 784 | 04/08/2017 | 30/06/2017 | ej.1 | 13/05/2011 | Reference | LIBRO DE CONSULTA | Reference | ||||||||
| Dewey Decimal Classification | Biblioteca Medicina | Biblioteca Medicina | Circulación | 13/05/2011 | 175 | 15 | 612 12 CIN | 2179 | 30/07/2019 | 02/07/2019 | ej.6 | 13/05/2011 | Libros | Sede Tordos. | |||||||||
| Dewey Decimal Classification | Biblioteca Medicina | Biblioteca Medicina | Circulación | 19/11/2012 | 161 | 18 | 612 12 CIN | 2715 | 27/11/2024 | 20/11/2024 | Ej.8 | 19/11/2012 | Libros | Compra PROMED nov/2012. Sede Tordos. | Non-fiction | Proyecto PROMED | 341.00 | ||||||
| Dewey Decimal Classification | Biblioteca Medicina | Biblioteca Medicina | Circulación | 19/11/2012 | 144 | 13 | 612 12 CIN | 2714 | 18/08/2025 | 04/07/2025 | Ej.7 | 19/11/2012 | Libros | Compra PROMED nov/2012. Sede Tordos. | Non-fiction | Proyecto PROMED | 341.00 | ||||||
| Dewey Decimal Classification | Biblioteca Medicina | Biblioteca Medicina | Circulación | 23/05/2019 | 9 | 612 12 CIN | 4426 | 26/11/2025 | 17/11/2025 | Ej.9 | 23/05/2019 | Libros | Donación Cuello, Javier. Mayo 2019. Sede Tordos. | Donación Javier Cuello, Mayo 2019. | |||||||||
| Dewey Decimal Classification | Biblioteca Medicina | Biblioteca Medicina | Circulación | 26/08/2024 | 1 | 1 | 612 12 CIN | 4899 | 08/04/2025 | 31/03/2025 | Ej. 10 | Libros | Donación Horacio Verde, Agosto 2024. Sede Tordos. | Donación Horacio Verde, Agosto 2024 |